Die Säkularisation von 1810 und die schlesischen Zisterzienser

Titel: Die Säkularisation von 1810 und die schlesischen Zisterzienser / Dr. Inge Steinsträßer
Verfasser:
In: Auf historischer Spurensuche im Bobertal... ; Bd. 3. Seminarband ... der 3. Bobertaltagung 2016, (2018), Seite 860-871
alle Artikel anzeigen
Veröffentlicht: 2018
Format: Aufsatz
Sprache: Deutsch
Schlagworte:
Kein Bild verfügbar
X
alg: 48481499
001A    $03025:27-08-21 
001B    $01999:27-08-21 $t22:30:48.000 
001D    $03025:27-08-21 
001U    $0utf8 
001X    $00 
002@    $0Aou 
002C    $aText $btxt $2rdacontent 
002D    $aohne Hilfsmittel zu benutzen $bn $2rdamedia 
002E    $aBand $bnc $2rdacarrier 
003@    $0484814990 
007A    $0484814990 $aHEB 
010@    $ager 
010E    $erda 
011@    $a2018 
021A    $aDie @Säkularisation von 1810 und die schlesischen Zisterzienser $hDr. Inge Steinsträßer 
028A    $BVerfasser $4aut $7139430253 $8Steinsträßer, Inge [Tp3] $9216619696 
031A    $h860-871 $j2018 
039B    $aEnthalten in $8--Afx--. Auf historischer Spurensuche im Bobertal... ; Bd. 3. Seminarband ... der 3. Bobertaltagung 2016. - Würzburg : Stiftung Kulturwerk Schlesien, 2018. - 811 - 1187 Seiten, [32] ungezählte Seiten. - Illustrationen. - ISBN 978-3-929817-09-6 $x201800000000000140 $9438600185 
044K    $RPolen $RNiederschlesien $ROberschlesien $RNiederschlesien $ROberschlesien $#Schlesien $#Schlesien $#Herzogtum Schlesien $#Herzogtum Schlesien Schlesien $#Provinz Schlesien $#Śla̜sk $#Slezsko $#Silesia $74052678-1 $8Schlesien [Tg1] $9085146781 
044K    $#Ordo Cisterciensis $#OCist $#Cistercienser $#Cisterzienser $#Sacer Ordo Cisterciensis $#S. Ordo Cisterciensis $#Ordo Cisterciensium $#Ordre Cistercien $#Ordine Cistercense $#Ordre de Cîteaux $#Order at Cîteaux $#Bernhardiner $#Bernhardinerorden $71008453-8 $8Zisterzienser [Tb1] $9041913191 
044K    $RSäkularisierung $#Secularization $#Sécularisation (biens ecclésiastiques) $#Desamortización $74076950-1 $8Säkularisation [Ts1] $9085218073 
044K    $RReligionspolitik $#Church and state $#Église et État $#Iglesia y Estado $#Kirchenpolitik $#Konfessionspolitik $74030745-1 $8Kirchenpolitik [Ts1] $9085081434 
045F    $a200.9438509034 $eDDC23BSB 
045F/01 $a200.9 
045F/03 $f09034 
045F/03 $g4385 
045R    $aGeschichte 1810 

lok: 48481499 78

exp: 48481499 78 1 #EPN
201B/01 $027-08-21 $t13:42:20.000 
201C/01 $027-08-21 
201U/01 $0utf8 
203@/01 $01166034054 
208@/01 $a27-08-21 $be 
209A/01 $a/ $f000 $x00 
209A/01 $ab*p $x01 
220C/01 $apgar 
244Z/01 $#Schlesien $#Schlesien $#Herzogtum Schlesien $#Herzogtum Schlesien Schlesien $#Provinz Schlesien $#Śla̜sk $#Slezsko $#Silesia $74052678-1 $8--Tg1--Schlesien $x01 $9085146781 
247C/01 $82080>Marburg/Lahn, Herder-Institut, Forschungsbibliothek, Bibliographieportal $9336309341
LEADER 00000caa a2200000 c 4500
001 484814990
003 DE-603
005 20210827223048.0
007 tu
008 210827s2018 xx |||| | u00||u|ger c
035 |a (DE-599)HEB484814990 
040 |a DE-603  |b ger  |c DE-603  |d DE-603  |e rda 
041 |a ger 
082 0 4 |8 1\u  |a 200.9438509034  |q DE-101  |2 23/BSB 
085 |8 1\u  |b 200.9 
085 |8 1\u  |z 1  |s 09034 
085 |8 1\u  |z 2  |s 4385 
100 1 |a Steinsträßer, Inge  |e Verfasser  |4 aut  |0 (DE-603)216619696  |0 (DE-588)139430253  |2 gnd 
245 0 0 |a ˜Dieœ Säkularisation von 1810 und die schlesischen Zisterzienser  |c Dr. Inge Steinsträßer 
264 0 |c 2018 
336 |a Text  |b txt  |2 rdacontent 
337 |a ohne Hilfsmittel zu benutzen  |b n  |2 rdamedia 
338 |a Band  |b nc  |2 rdacarrier 
610 1 7 |a Zisterzienser  |2 gnd  |0 (DE-588)1008453-8  |0 (DE-603)041913191 
648 7 |a Geschichte 1810  |2 gnd 
650 7 |a Säkularisation  |0 (DE-588)4076950-1  |0 (DE-603)085218073  |2 gnd 
650 7 |a Kirchenpolitik  |0 (DE-588)4030745-1  |0 (DE-603)085081434  |2 gnd 
651 7 |a Schlesien  |0 (DE-588)4052678-1  |0 (DE-603)085146781  |2 gnd 
773 0 8 |i Enthalten in  |t Auf historischer Spurensuche im Bobertal... ; Bd. 3. Seminarband ... der 3. Bobertaltagung 2016  |d Würzburg : Stiftung Kulturwerk Schlesien, 2018  |h 811 - 1187 Seiten, [32] ungezählte Seiten, Illustrationen  |z 9783929817096  |g (2018), Seite 860-871  |w (DE-603)438600185 
924 0 |9 2080  |a (DE-603)1166034054  |b DE-2080  |c HES  |d d  |g /